000 00661nam a22001937a 4500
005 20240226122352.0
010 _aENG-139447
020 _a978-93-88398-52-7
_c550.00
035 _aEN-122979
037 _bDBAD/PUB
082 _a658.872
245 _aFacets of digital marketing /
_cedited by P.S. Nagarajan
260 _bShanlax publications
_c2019
_aTamil Nadu
270 _a61,66T.P.K. main road vasantha nagar, madurai,
_bTamil Nadu
_e625003
_k7639303383
_mpublisher@shanlaxpublications.com
300 _a205p.
_c22cm(pbk)
500 _aits include table and figure
700 _aP.S.Nagarajan
_962498
942 _2ddc
_cEN
_h658.872
_mFAC
999 _c166796
_d166796